[Event "Oberliga Bayern 1718"]
[Site "Bayern"]
[Date "2018.02.25"]
[Round "7.7"]
[White "Hoffmann, Sebastian1111"]
[Black "Bucan, Djordje"]
[Result "0-1"]
[WhiteElo "1940"]
[BlackElo "2117"]
[PlyCount "134"]
[EventDate "2017.10.22"]
[EventType "team-tourn"]
[EventRounds "9"]
[EventCountry "GER"]
[SourceTitle "EXT 2020"]
[Source "ChessBase"]
[SourceDate "2019.10.17"]
[SourceVersion "1"]
[SourceVersionDate "2019.10.17"]
[SourceQuality "1"]
[WhiteTeam "Nuernberg NT II"]
[BlackTeam "Muenchen Suedost"]
[WhiteTeamCountry "GER"]
[BlackTeamCountry "GER"]

1. d4 d6 2. Nf3 Nf6 3. g3 c6 4. Bg2 Bf5 5. 0-0 Qc8 6. Re1 Bh3 7. Bh1 h6 8. e4 e6 9. c4 Nbd7 10. b3 Be7 11. Ba3 Qc7 12. e5 dxe5 13. Bxe7 Kxe7 14. dxe5 Ng4 15. Qe2 Rhd8 16. Nc3 Nc5 17. Rad1 Rxd1 18. Rxd1 Rd8 19. b4 Rxd1+ 20. Qxd1 Nd7 21. Qd6+ Qxd6 22. exd6+ Kxd6 23. Ne4+ Ke7 24. Neg5 hxg5 25. Nxg5 Nxf2 26. Kxf2 Bf5 27. Ke3 Ne5 28. Kd4 f6 29. Ne4 Nd7 30. c5 e5+ 31. Kc4 Be6+ 32. Kc3 Bd5 33. a4 f5 34. Nf2 Ke6 35. Bxd5+ Kxd5 36. Nd3 a5 37. bxa5 Nxc5 38. Nb4+ Kd6 39. Kc4 g6 40. Nc2 Nxa4 41. Ne1 Nb2+ 42. Kb3 Nd1 43. Ng2 g5 44. h4 gxh4 45. gxh4 f4 46. h5 f3 47. Nh4 f2 48. Nf5+ Ke6 49. Ng3 Ne3 50. h6 Kf7 51. Kb4 Nf5 52. h7 Nxg3 53. h8Q f1Q 54. Qh7+ Ke6 55. Qg8+ Qf7 56. Qc8+ Kf6 57. Qh8+ Kf5 58. Qh3+ Kf4 59. Qh2 Qe7+ 60. Kc4 Kf3 61. Qg1 Qe6+ 62. Kb4 Qd6+ 63. Kb3 Qd3+ 64. Ka2 e4 65. a6 Qxa6+ 66. Kb2 e3 67. Qe1 Qe2+ 0-1

[Event "Oberliga Bayern 1718"]
[Site "Bayern"]
[Date "2017.12.10"]
[Round "4.7"]
[White "Bucan, Djordje"]
[Black "Hellmayr, Alois"]
[Result "0-1"]
[WhiteElo "2117"]
[BlackElo "2238"]
[PlyCount "75"]
[EventDate "2017.10.22"]
[EventType "team-tourn"]
[EventRounds "9"]
[EventCountry "GER"]
[SourceTitle "EXT 2020"]
[Source "ChessBase"]
[SourceDate "2019.10.17"]
[SourceVersion "1"]
[SourceVersionDate "2019.10.17"]
[SourceQuality "1"]
[WhiteTeam "Muenchen Suedost"]
[BlackTeam "Passau"]
[WhiteTeamCountry "GER"]
[BlackTeamCountry "GER"]

1. Nf3 e6 2. b3 Nf6 3. Bb2 b6 4. g3 Bb7 5. Bg2 c5 6. 0-0 Be7 7. c4 0-0 8. d3 d5 9. Ne5 Nc6 10. Nxc6 Bxc6 11. Nd2 Rc8 12. e4 dxe4 13. dxe4 Qc7 14. e5 Nd7 15. Bxc6 Qxc6 16. Qe2 f5 17. exf6 Bxf6 18. Bxf6 Nxf6 19. Rfe1 Rcd8 20. Rac1 Rd4 21. Rc3 Rfd8 22. Nf3 R4d6 23. Re3 Re8 24. Ng5 Qd7 25. Rxe6 Rexe6 26. Nxe6 Rd2 27. Qf3 Rxa2 28. Ng5 Rd2 29. Qa8+ Qd8 30. Qxa7 Rd7 31. Qa1 h6 32. Ne6 Qc8 33. Nf4 Qc6 34. Qe5 Rf7 35. h3 Qf3 36. Re3 Qb7 37. Qe6 Qd7 38. Qxd7 0-1

[Event "Oberliga Bayern 1617"]
[Site "Bayern"]
[Date "2016.12.04"]
[Round "3.8"]
[White "Tournier, Mathieu"]
[Black "Bucan, Djordje"]
[Result "1-0"]
[WhiteElo "2283"]
[BlackElo "2039"]
[PlyCount "53"]
[EventDate "2016.10.16"]
[EventType "team-tourn"]
[EventRounds "9"]
[EventCountry "GER"]
[SourceTitle "EXT 2019"]
[Source "ChessBase"]
[SourceDate "2018.10.10"]
[SourceVersion "1"]
[SourceVersionDate "2018.10.10"]
[SourceQuality "1"]
[WhiteTeam "Bayern Muenchen II"]
[BlackTeam "Muenchen Suedost"]
[WhiteTeamCountry "GER"]
[BlackTeamCountry "GER"]

1. e4 c5 2. c3 e6 3. d4 a6 4. Nf3 cxd4 5. cxd4 Nf6 6. Nc3 d6 7. Bd3 Be7 8. 0-0 Nc6 9. e5 dxe5 10. dxe5 Nd5 11. Qe2 Ncb4 12. Be4 Bd7 13. Rd1 Qa5 14. Bd2 Nxc3 15. Bxc3 Qc7 16. Ng5 Bxg5 17. Bxb4 Bc6 18. Bd6 Qb6 19. Qg4 Bh6 20. Qh4 Qd8 21. Bxc6+ bxc6 22. Qc4 Qb6 23. Bc5 Qb7 24. Rd3 Rd8 25. Rb3 Qd7 26. Bd6 f6 27. Rb7 1-0

[Event "Landesliga Sued 1415"]
[Site "Bayern"]
[Date "2015.02.22"]
[Round "7.6"]
[White "Bucan, Djordje"]
[Black "Wagner, Hans2222"]
[Result "0-1"]
[WhiteElo "2039"]
[BlackElo "2103"]
[PlyCount "69"]
[EventDate "2014.10.19"]
[EventType "team-tourn"]
[EventRounds "9"]
[EventCountry "GER"]
[SourceTitle "EXT 2018"]
[Source "ChessBase"]
[SourceDate "2017.10.13"]
[SourceVersion "1"]
[SourceVersionDate "2017.10.13"]
[SourceQuality "1"]
[WhiteTeam "Muenchen Suedost"]
[BlackTeam "Rottal"]
[WhiteTeamCountry "GER"]
[BlackTeamCountry "GER"]

1. d4 Nf6 2. Nf3 e6 3. c4 Bb4+ 4. Nbd2 b6 5. g3 Bb7 6. Bg2 0-0 7. 0-0 a5 8. Qc2 Bxd2 9. Bxd2 d6 10. Rfe1 Be4 11. Qc3 Nbd7 12. Bh3 h6 13. Rad1 Qe7 14. b3 Nh7 15. Bc1 f5 16. Nd2 Ng5 17. Bf1 Bb7 18. f3 f4 19. Bg2 Rae8 20. e3 fxg3 21. e4 gxh2+ 22. Kxh2 e5 23. d5 Nf6 24. Nf1 Nh5 25. Ng3 Nxg3 26. Kxg3 Bc8 27. Rh1 Qf6 28. Rdf1 Qg6 29. Kh2 Rf7 30. Qe1 Ref8 31. Bxg5 Qxg5 32. Qg3 Qxg3+ 33. Kxg3 Rf4 34. Bh3 Rxe4 35. Ra1 0-1

[Event "Landesliga Sued 1213"]
[Site "Bayern"]
[Date "2013.03.17"]
[Round "8.7"]
[White "Bucan, Djordje"]
[Black "Stahs, Uwe"]
[Result "1-0"]
[WhiteElo "2101"]
[BlackElo "1868"]
[PlyCount "62"]
[EventDate "2012.10.14"]
[EventType "team-tourn"]
[EventRounds "9"]
[EventCountry "GER"]
[SourceTitle "EXT 2015"]
[Source "ChessBase"]
[SourceDate "2014.11.20"]
[SourceVersion "1"]
[SourceVersionDate "2014.11.20"]
[SourceQuality "1"]
[WhiteTeam "Muenchen Suedost"]
[BlackTeam "Weilheim"]
[WhiteTeamCountry "GER"]
[BlackTeamCountry "GER"]

1. d4 d5 2. Nf3 Nf6 3. g3 e6 4. Bg2 Be7 5. 0-0 0-0 6. c4 c6 7. Nbd2 Nbd7 8. Qc2 Re8 9. b3 b6 10. Ne5 Nxe5 11. dxe5 Nd7 12. Bb2 Bb7 13. Rac1 Rc8 14. Rfd1 c5 15. cxd5 exd5 16. Nf1 Nf8 17. Ne3 Ng6 18. Nxd5 Bxd5 19. Bxd5 Qc7 20. Qf5 Rf8 21. h4 Rcd8 22. Rd3 Qc8 23. Qxc8 Rxc8 24. h5 Nh8 25. f4 Rfd8 26. Kg2 Kf8 27. Kf3 h6 28. a4 Rc7 29. Rcd1 Rcd7 30. e3 Rb8 31. Bc4 Rbd8 1-0

[Event "Landesliga Sued 1213"]
[Site "Bayern"]
[Date "2013.02.24"]
[Round "7.7"]
[White "Spiess, Martin"]
[Black "Bucan, Djordje"]
[Result "0-1"]
[WhiteElo "2131"]
[BlackElo "2101"]
[PlyCount "106"]
[EventDate "2012.10.14"]
[EventType "team-tourn"]
[EventRounds "9"]
[EventCountry "GER"]
[SourceTitle "EXT 2015"]
[Source "ChessBase"]
[SourceDate "2014.11.20"]
[SourceVersion "1"]
[SourceVersionDate "2014.11.20"]
[SourceQuality "1"]
[WhiteTeam "Ingolstadt"]
[BlackTeam "Muenchen Suedost"]
[WhiteTeamCountry "GER"]
[BlackTeamCountry "GER"]

1. e4 c5 2. Nf3 Nc6 3. Nc3 a6 4. d4 cxd4 5. Nxd4 d6 6. Be3 Nf6 7. f3 Nxd4 8. Qxd4 e5 9. Qd2 Be6 10. 0-0-0 Qa5 11. Qf2 Nd7 12. Kb1 Rc8 13. Nd5 Be7 14. g4 Rc6 15. Rd3 Qd8 16. h4 h6 17. Rd1 Qa5 18. Rd3 Qd8 19. Be2 Qc8 20. Bd1 Bd8 21. Qd2 Nc5 22. Ra3 Be7 23. Be2 Qd8 24. Bf2 Qc8 25. Ne3 Bf8 26. Nf5 g6 27. Ne3 Be7 28. Nd5 Qd8 29. c4 Kf8 30. Rc3 Kg7 31. Rcc1 Nd7 32. Bd1 Bxd5 33. Qxd5 Nf8 34. Ba4 Rc7 35. Bb6 Qc8 36. Bxc7 Qxc7 37. c5 dxc5 38. Bb3 Ne6 39. h5 g5 40. Qd3 Rd8 41. Bd5 Nd4 42. Rhf1 Qd7 43. Qa3 Rc8 44. Qa5 Bd8 45. Qd2 b5 46. b4 c4 47. Kb2 Bb6 48. Qh2 Qe7 49. Ka1 f6 50. Qd2 Rc7 51. Kb1 c3 52. Qg2 Qxb4+ 53. Ka1 c2 0-1

[Event "Landesliga Sued 1213"]
[Site "Bayern"]
[Date "2012.11.11"]
[Round "2.7"]
[White "Bucan, Djordje"]
[Black "Kretschel, Klaus"]
[Result "1/2-1/2"]
[WhiteElo "2101"]
[BlackElo "1999"]
[PlyCount "122"]
[EventDate "2012.10.14"]
[EventType "team-tourn"]
[EventRounds "9"]
[EventCountry "GER"]
[SourceTitle "EXT 2015"]
[Source "ChessBase"]
[SourceDate "2014.11.20"]
[SourceVersion "1"]
[SourceVersionDate "2014.11.20"]
[SourceQuality "1"]
[WhiteTeam "Muenchen Suedost"]
[BlackTeam "Germering"]
[WhiteTeamCountry "GER"]
[BlackTeamCountry "GER"]

1. Nf3 d6 2. d4 f5 3. g3 Nf6 4. Bg2 g6 5. 0-0 Bg7 6. b3 0-0 7. Bb2 Ne4 8. Nbd2 c5 9. c4 Nc6 10. e3 e6 11. Qc2 cxd4 12. exd4 d5 13. Rad1 Bd7 14. Ne5 Rc8 15. Nxe4 fxe4 16. Qd2 Nxe5 17. dxe5 Bc6 18. Bh3 Qe8 19. cxd5 Bxd5 20. Bg2 Rc6 21. Rc1 Rxc1 22. Rxc1 Qb8 23. Ba3 Rc8 24. Bd6 Rxc1+ 25. Qxc1 Qd8 26. h4 a6 27. g4 Bf8 28. Bxf8 Qxf8 29. Qg5 Qb4 30. Qd8+ Kg7 31. Qf6+ Kg8 32. Kh2 Qd2 33. h5 gxh5 34. gxh5 h6 35. Bh3 Kh7 36. Qg6+ Kh8 37. Qe8+ Kh7 38. Qf7+ Kh8 39. Qf8+ Kh7 40. Qe7+ Kh8 41. Qf6+ Kh7 42. Qe7+ Kh8 43. Qd8+ Kg7 44. Qf6+ Kh7 45. Bg2 Qg5 46. Qxg5 hxg5 47. Kg3 Kh6 48. Kg4 e3 49. Bf1 exf2 50. Kg3 Kxh5 51. Be2+ Kg6 52. Bd3+ Kh6 53. Kxf2 g4 54. Kg3 Kg5 55. Bc2 b5 56. a3 Bxb3 57. Bxb3 Kf5 58. Bd1 Kxe5 59. Bxg4 Kd5 60. Kf3 a5 61. Ke3 Kc4 1/2-1/2

[Event "Landesliga Sued 1213"]
[Site "Bayern"]
[Date "2012.10.14"]
[Round "1.5"]
[White "Bucan, Djordje"]
[Black "Kuempers, Ulrich"]
[Result "1-0"]
[WhiteElo "2101"]
[BlackElo "1938"]
[PlyCount "105"]
[EventDate "2012.10.14"]
[EventType "team-tourn"]
[EventRounds "9"]
[EventCountry "GER"]
[SourceTitle "EXT 2015"]
[Source "ChessBase"]
[SourceDate "2014.11.20"]
[SourceVersion "1"]
[SourceVersionDate "2014.11.20"]
[SourceQuality "1"]
[WhiteTeam "Muenchen Suedost"]
[BlackTeam "Muenchen Tarrasch II"]
[WhiteTeamCountry "GER"]
[BlackTeamCountry "GER"]

1. d4 Nf6 2. c4 d6 3. Nf3 g6 4. g3 Bg7 5. Bg2 0-0 6. 0-0 Nc6 7. Nc3 e5 8. dxe5 Nxe5 9. Nxe5 dxe5 10. Qxd8 Rxd8 11. Bg5 Rd7 12. Bh3 Rd4 13. Bxc8 Rxc8 14. b3 a6 15. h3 h6 16. Bxf6 Bxf6 17. e3 Rd3 18. Nd5 Bd8 19. Rad1 Rxd1 20. Rxd1 Kf8 21. Kg2 c6 22. Nc3 Ke7 23. g4 f5 24. gxf5 gxf5 25. e4 Ba5 26. Ne2 fxe4 27. Ng3 Rg8 28. Kh2 e3 29. fxe3 Ke6 30. e4 Bb4 31. Nf5 h5 32. Ng3 h4 33. Nf5 Be7 34. Rg1 Rd8 35. Rg6+ Bf6 36. Nh6 Rd2+ 37. Kg1 Rxa2 38. Ng4 Ke7 39. Rxf6 Re2 40. Rf5 Rxe4 41. Rxe5+ Rxe5 42. Nxe5 Kd6 43. Nd3 a5 44. Kf2 b5 45. Ke3 a4 46. bxa4 bxa4 47. Kd4 Ke6 48. Kc3 Kf5 49. Kb4 Ke4 50. Ne1 Kf4 51. Ng2+ Kg3 52. Nxh4 Kxh4 53. Kxa4 1-0

[Event "Regionalliga SW 1112"]
[Site "Bayern"]
[Date "2012.03.18"]
[Round "8.6"]
[White "Bucan, Djordje"]
[Black "Reif, Hermann"]
[Result "1-0"]
[WhiteElo "2085"]
[BlackElo "1892"]
[PlyCount "69"]
[EventDate "2011.10.02"]
[EventType "team-tourn"]
[EventRounds "9"]
[EventCountry "GER"]
[SourceTitle "EXT 2015"]
[Source "ChessBase"]
[SourceDate "2014.11.20"]
[SourceVersion "1"]
[SourceVersionDate "2014.11.20"]
[SourceQuality "1"]
[WhiteTeam "Muenchen Suedost"]
[BlackTeam "Krumbach II"]
[WhiteTeamCountry "GER"]
[BlackTeamCountry "GER"]

1. d4 f5 2. Nf3 Nf6 3. Bg5 e6 4. Nbd2 Be7 5. Bxf6 Bxf6 6. e4 0-0 7. Bd3 d5 8. exf5 exf5 9. 0-0 Nc6 10. c3 a6 11. a4 Qd6 12. a5 g5 13. Nb3 h6 14. Qc2 Bg7 15. Nc5 Rb8 16. Rfe1 Kh8 17. b4 f4 18. Bg6 Bg4 19. h3 Bd7 20. Nxd7 Qxd7 21. Bh5 Rf6 22. Qd3 Bf8 23. Re2 Bd6 24. Rae1 Kg7 25. Nh2 Ne7 26. Ng4 Rbf8 27. Nxf6 Rxf6 28. Bg4 Qe8 29. Qf3 Qf7 30. Re6 Nf5 31. Rxf6 Qxf6 32. Qxd5 Nh4 33. Re8 Qf7 34. Qxf7+ Kxf7 35. Rb8 1-0

[Event "Regionalliga SW 1011"]
[Site "Bayern"]
[Date "2011.02.06"]
[Round "6.6"]
[White "Bucan, Djordje"]
[Black "Weinberger, Wolfgang"]
[Result "0-1"]
[WhiteElo "2096"]
[BlackElo "2068"]
[PlyCount "96"]
[EventDate "2010.10.10"]
[EventType "team-tourn"]
[EventRounds "9"]
[EventCountry "GER"]
[SourceTitle "EXT 2012"]
[Source "ChessBase"]
[SourceDate "2011.11.24"]
[SourceVersion "1"]
[SourceVersionDate "2011.11.24"]
[SourceQuality "1"]
[WhiteTeam "Muenchen Suedost"]
[BlackTeam "Garching II"]
[WhiteTeamCountry "GER"]
[BlackTeamCountry "GER"]

1. Nf3 Nf6 2. c4 e6 3. g3 Be7 4. Bg2 0-0 5. 0-0 d6 6. Nc3 Nc6 7. d4 e5 8. h3 Nd7 9. d5 Ncb8 10. e4 a5 11. Ne1 Bg5 12. Nd3 Bxc1 13. Rxc1 Na6 14. Na4 b6 15. f4 exf4 16. gxf4 Re8 17. Qf3 Qf6 18. e5 dxe5 19. fxe5 Qxf3 20. Bxf3 Nxe5 21. Nxe5 Rxe5 22. d6 Rb8 23. Bd5 Bxh3 24. Bxf7+ Kh8 25. Rf2 cxd6 26. Rd1 Nc5 27. Nc3 Rd8 28. Nd5 Ne4 29. Rf4 g5 30. Rxe4 Rxe4 31. Nxb6 Rf8 32. Bd5 Re2 33. Na4 g4 34. Nc3 Rxb2 35. Ne4 Rg2+ 36. Kh1 g3 37. Nxg3 Rxg3 38. Kh2 Re3 39. Rd2 Rf6 40. a4 Rg6 41. Rf2 Be6 42. Bg2 Rh6+ 43. Kg1 Re1+ 44. Bf1 Bxc4 45. Rf5 Rxf1+ 46. Kg2 Rxf5 47. Kg1 Rg6+ 48. Kh2 Rh5# 0-1

[Event "Regionalliga SW 1011"]
[Site "Bayern"]
[Date "2010.12.12"]
[Round "4.4"]
[White "Bucan, Djordje"]
[Black "Waltenberger, Udo"]
[Result "1-0"]
[WhiteElo "2096"]
[BlackElo "1976"]
[PlyCount "89"]
[EventDate "2010.10.10"]
[EventType "team-tourn"]
[EventRounds "9"]
[EventCountry "GER"]
[SourceTitle "EXT 2012"]
[Source "ChessBase"]
[SourceDate "2011.11.24"]
[SourceVersion "1"]
[SourceVersionDate "2011.11.24"]
[SourceQuality "1"]
[WhiteTeam "Muenchen Suedost"]
[BlackTeam "Muenchen Schwabing"]
[WhiteTeamCountry "GER"]
[BlackTeamCountry "GER"]

1. Nf3 c5 2. c4 Nc6 3. Nc3 g6 4. b3 Bg7 5. Bb2 e5 6. g3 d6 7. Nd5 Nge7 8. Nxe7 Qxe7 9. Bg2 0-0 10. 0-0 e4 11. Bxg7 Kxg7 12. Ne1 Bf5 13. Nc2 Qe6 14. Ne3 Bh3 15. Nd5 Bxg2 16. Kxg2 Qe5 17. e3 Rae8 18. d3 f5 19. Qd2 Rf7 20. Rad1 exd3 21. Qxd3 Qe4+ 22. f3 Qxd3 23. Rxd3 Rd7 24. f4 Re6 25. h3 h5 26. g4 hxg4 27. hxg4 fxg4 28. Kg3 Ne7 29. Nxe7 Rdxe7 30. Re1 Re4 31. Kxg4 R7e6 32. Kf3 a6 33. Rxd6 Rxd6 34. Kxe4 Rd2 35. Ke5 Rxa2 36. e4 Rd2 37. Re3 Rd4 38. Ke6 b5 39. Ke7 bxc4 40. bxc4 a5 41. f5 gxf5 42. exf5 Rf4 43. Rg3+ Kh7 44. f6 Re4+ 45. Kf8 1-0

[Event "Regionalliga SW 0910"]
[Site "Bayern"]
[Date "2010.04.11"]
[Round "9.3"]
[White "Schmidt, Gerhard3333"]
[Black "Bucan, Djordje"]
[Result "1/2-1/2"]
[WhiteElo "2151"]
[BlackElo "2096"]
[PlyCount "51"]
[EventDate "2009.10.18"]
[EventType "team-tourn"]
[EventRounds "9"]
[EventCountry "GER"]
[SourceTitle "EXT 2011"]
[Source "ChessBase"]
[SourceDate "2010.11.26"]
[SourceVersion "1"]
[SourceVersionDate "2010.11.26"]
[SourceQuality "1"]
[WhiteTeam "Unterhaching"]
[BlackTeam "Muenchen Suedost"]
[WhiteTeamCountry "GER"]
[BlackTeamCountry "GER"]

1. Nf3 Nf6 2. g3 d5 3. Bg2 c6 4. 0-0 Bg4 5. d3 Nbd7 6. Nbd2 e5 7. e4 dxe4 8. dxe4 Bc5 9. h3 Bh5 10. a4 a5 11. Qe1 Bb4 12. c3 Bc5 13. Nc4 0-0 14. g4 Bg6 15. Nfxe5 Nxe5 16. Nxe5 Re8 17. Nxg6 hxg6 18. Bg5 Qc7 19. Bxf6 gxf6 20. Qe2 Rad8 21. Rad1 Qf4 22. Qf3 Qe5 23. Rxd8 Rxd8 24. Rd1 Rxd1+ 25. Qxd1 Qf4 26. Qe1 1/2-1/2

[Event "Regionalliga SW 0910"]
[Site "Bayern"]
[Date "2010.02.28"]
[Round "7.3"]
[White "Pitl, Gregory"]
[Black "Bucan, Djordje"]
[Result "1-0"]
[WhiteElo "2404"]
[BlackElo "2096"]
[PlyCount "89"]
[EventDate "2009.10.18"]
[EventType "team-tourn"]
[EventRounds "9"]
[EventCountry "GER"]
[SourceTitle "EXT 2011"]
[Source "ChessBase"]
[SourceDate "2010.11.26"]
[SourceVersion "1"]
[SourceVersionDate "2010.11.26"]
[SourceQuality "1"]
[WhiteTeam "Goeggingen"]
[BlackTeam "Muenchen Suedost"]
[WhiteTeamCountry "GER"]
[BlackTeamCountry "GER"]

1. d4 d6 2. e4 c6 3. Nc3 Nf6 4. f4 d5 5. e5 Ng8 6. h3 h5 7. g3 g6 8. Be3 Nh6 9. Nf3 Bg7 10. Qd2 a5 11. Na4 b5 12. Nc5 Na6 13. Nd3 Bf5 14. a4 Be4 15. Be2 b4 16. Rg1 Bxf3 17. Bxf3 Nf5 18. Bf2 e6 19. g4 hxg4 20. hxg4 Ne7 21. Ke2 Qc7 22. Rh1 0-0-0 23. c3 bxc3 24. Qxc3 Qb6 25. Bh4 Kd7 26. Bf6 Rdg8 27. Rxh8 Bxh8 28. Rh1 Qd8 29. Rh7 Rf8 30. Bh4 Qc7 31. Nc5+ Nxc5 32. Qxc5 Ke8 33. Kd2 Rg8 34. Kc2 Nc8 35. Be1 Bg7 36. Bxa5 Qb7 37. Qb4 Qa7 38. Be2 Bf8 39. Qc3 Qb7 40. Kb1 Be7 41. f5 gxf5 42. gxf5 Rf8 43. f6 Bd8 44. Qb4 Nb6 45. Qxf8+ 1-0

[Event "Regionalliga SW 0708"]
[Site "Bayern"]
[Date "2008.01.20"]
[Round "5.4"]
[White "Steffen, Kevin"]
[Black "Bucan, Djordje"]
[Result "1-0"]
[WhiteElo "1988"]
[BlackElo "2118"]
[PlyCount "117"]
[EventDate "2007.10.21"]
[EventType "team-tourn"]
[EventRounds "9"]
[EventCountry "GER"]
[SourceTitle "EXT 2009"]
[Source "ChessBase"]
[SourceDate "2008.11.26"]
[SourceVersion "1"]
[SourceVersionDate "2008.11.26"]
[SourceQuality "1"]
[WhiteTeam "Klosterlechfeld"]
[BlackTeam "Muenchen Suedost"]
[WhiteTeamCountry "GER"]
[BlackTeamCountry "GER"]

1. d4 d6 2. Nf3 c6 3. e4 Nf6 4. Nbd2 Bg4 5. Bd3 Nbd7 6. 0-0 e5 7. c3 Be7 8. Re1 0-0 9. b3 Re8 10. Bb2 Qc7 11. Qc2 Nf8 12. c4 N6d7 13. b4 b6 14. Be2 Ne6 15. a3 Bh5 16. dxe5 Nf4 17. exd6 Nxe2+ 18. Rxe2 Bxd6 19. Ree1 Re6 20. Qc3 Ne5 21. Nd4 Ng4 22. Nxe6 Bxh2+ 23. Kf1 fxe6 24. Qh3 Qf7 25. Nf3 e5 26. Rac1 Rd8 27. Rc2 Rd3 28. Nxe5 Rxh3 29. Nxf7 Rb3 30. Nd8 c5 31. bxc5 bxc5 32. Nc6 Bf7 33. Bc1 Bc7 34. e5 Kf8 35. f3 Nh6 36. e6 Bg6 37. Rd2 Bd3+ 38. Kg1 Bg3 39. Red1 Rb6 40. Rxd3 Rxc6 41. Rd8+ Ke7 42. Bxh6 gxh6 43. Rh8 Kxe6 44. Rxh7 Kf5 45. Rxa7 h5 46. a4 h4 47. a5 Re6 48. Rf7+ Kg6 49. Rb7 Re2 50. Rbb1 Be5 51. Re1 Bd4+ 52. Kh2 Rc2 53. a6 Ra2 54. Rb6+ Kf5 55. Kh3 Bf2 56. Re7 Ra1 57. Rf7+ Ke5 58. a7 Kd4 59. Rb8 1-0

[Event "Regionalliga SW 0506"]
[Site "Bayern"]
[Date "2005.11.13"]
[Round "2.4"]
[White "Bucan, Djordje"]
[Black "Nuber, Korbinian"]
[Result "0-1"]
[WhiteElo "2125"]
[BlackElo "2071"]
[PlyCount "82"]
[EventDate "2005.10.23"]
[EventType "team-tourn"]
[EventRounds "9"]
[EventCountry "GER"]
[SourceTitle "EXT 2007"]
[Source "ChessBase"]
[SourceDate "2006.11.23"]
[SourceVersion "1"]
[SourceVersionDate "2006.11.23"]
[SourceQuality "1"]

1. Nf3 g6 2. g3 Bg7 3. Bg2 d6 4. 0-0 e5 5. d3 f5 6. e4 Nf6 7. exf5 gxf5 8. Nh4 0-0 9. Nc3 c6 10. d4 exd4 11. Ne2 c5 12. Nf4 Nc6 13. c3 Ne4 14. Re1 Re8 15. Qh5 Re5 16. Nf3 Nf6 17. Qh3 Rxe1+ 18. Nxe1 dxc3 19. bxc3 Ne4 20. Nc2 Nxc3 21. Bd2 Ne4 22. Rd1 d5 23. Ne3 Ne7 24. Be1 d4 25. Bf1 Qe8 26. Bc4+ Kh8 27. Neg2 Ng5 28. Qh5 Qxh5 29. Nxh5 Nf3+ 30. Kh1 Ng6 31. Bd5 Nfe5 32. h3 Ne7 33. Bb3 Bd7 34. a4 Bc6 35. Nhf4 Bh6 36. Be6 Rd8 37. a5 Nd5 38. Bd2 Nxf4 39. Bxf4 Bxf4 40. gxf4 Nf3 41. Bxf5 Nh4 0-1

[Event "Regionalliga SW 0304"]
[Site "Bayern"]
[Date "2004.04.25"]
[Round "9.2"]
[White "Bucan, Djordje"]
[Black "Kuenzner, Franz"]
[Result "1/2-1/2"]
[WhiteElo "2108"]
[BlackElo "2254"]
[PlyCount "81"]
[EventDate "2003.10.??"]
[EventType "team"]
[EventRounds "9"]
[EventCountry "GER"]
[SourceTitle "EXT 2006"]
[Source "ChessBase"]
[SourceDate "2005.11.24"]
[SourceVersion "1"]
[SourceVersionDate "2005.11.24"]
[SourceQuality "1"]
[WhiteTeam "Muenchen Suedost"]
[BlackTeam "Muenchen Sendling"]
[WhiteTeamCountry "GER"]
[BlackTeamCountry "GER"]

1. d4 d5 2. c4 e6 3. Nc3 f5 4. e3 Nf6 5. Bd3 Be7 6. Qc2 c6 7. Nge2 0-0 8. f3 Ne8 9. Bd2 Nd6 10. b3 Kh8 11. 0-0 Nd7 12. e4 fxe4 13. fxe4 dxc4 14. bxc4 e5 15. Rxf8+ Bxf8 16. c5 Ne8 17. Rf1 exd4 18. Na4 Be7 19. Bf4 Nf8 20. e5 Nc7 21. Ng3 Nd5 22. Qf2 Ne6 23. Bd2 Bd7 24. Nf5 b5 25. cxb6 axb6 26. Nb2 b5 27. Qf3 Ne3 28. Nxe3 dxe3 29. Bxe3 Qg8 30. Bb1 Rf8 31. Qe2 Rxf1+ 32. Kxf1 Qf7+ 33. Kg1 g6 34. a4 bxa4 35. Nxa4 c5 36. Nb6 Bc6 37. Nc8 Bg5 38. Bxg5 Nxg5 39. Nd6 Qd5 40. Ba2 Qd4+ 41. Qf2 1/2-1/2